LIBRARY & INFORMATION CENTRE, KCAET, TAVANUR

ONLINE PUBLIC ACCESS CATALOGUE (OPAC)

Ghandapatham / (Record no. 5938)

MARC details
000 -LEADER
fixed length control field 00450cam a2200181ua 4500
041 ## - LANGUAGE CODE
Language code of text/sound track or separate title mal
082 ## - DEWEY DECIMAL CLASSIFICATION NUMBER
Classification number 894.8124
Item number GOV/GH
100 ## - MAIN ENTRY--AUTHOR NAME
Personal name Govindan Kutty Nair, Ullattil.
245 ## - TITLE STATEMENT
Title Ghandapatham /
260 ## - PUBLICATION, DISTRIBUTION, ETC. (IMPRINT)
Place of publication Calicut :
Name of publisher P K Brothers ,
Year of publication 1964.
300 ## - PHYSICAL DESCRIPTION
Number of Pages 139 ; .
942 ## - ADDED ENTRY ELEMENTS (KOHA)
Koha item type Books
Holdings
Withdrawn status Lost status Damaged status Home library Current library Date acquired Full call number Accession Number Koha item type Public note
Withdrawn     KAUAET KAUAET 07/04/2012 894.8124 12104 Books  
Withdrawn     KAUAET KAUAET 07/04/2012 894.8124 5655 Books Deleted
      KAUAET KAUAET 13/11/2023 894.8124 GOV/GH 12103 Books  
free website counter